| 000 | 01790cam a2200409 i 4500 | ||
|---|---|---|---|
| 999 |
_c11250 _d11250 |
||
| 001 | 18134413 | ||
| 003 | GZU | ||
| 005 | 20240408102405.0 | ||
| 007 | co ugu|||||||| | ||
| 008 | 140430s2013 moua b 001 0 eng | ||
| 010 | _a 2013372285 | ||
| 020 | _a9780323091510 (pbk) | ||
| 022 | _aNo number | ||
| 040 |
_aDLC _beng _erda _cDLC _dDLC |
||
| 042 | _apcc | ||
| 050 | 0 | 0 |
_aRT48 _bWIL 2013 |
| 082 | 0 | 0 |
_a616.07/5 _223 |
| 100 | 1 | _aWilson, Susan Fickertt. | |
| 245 | 1 | 0 |
_aHealth assessment for nursing practice/ _cSusan Fickertt Wilson, PhD, RN, CNE, Associate Professor, School of Nursing, College of Health, University of Alaska Anchorage, Anchorage, Alaska; Emeritus Assoicate Professor, Harris College of Nursing and Health Sciences, Texas Christian University, Fort Worth, Texas, Jean Foret Giddens, PhD, RN, FAAN, Professor and Executive Dean, College of Nursing, University of New Mexico, Albuquerque, New Mexico. |
| 250 | _aFifth edition. | ||
| 264 | 1 |
_aSt. Louis, Missouri: _bElsevier, _c[2013] |
|
| 300 |
_axxii, 606 pages: _billustrations (chiefly color); _c29 cm |
||
| 336 |
_atext _btxt _2rdacontent |
||
| 337 |
_aunmediated _bn _2rdamedia |
||
| 338 |
_avolume _bnc _2rdacarrier |
||
| 504 | _aIncludes bibliographical references (pages 579-585) and index. | ||
| 505 | _tHealth assessment for nursing practice | ||
| 520 | _aFoundations for health assessment | ||
| 650 | 0 | _aNursing assessment. | |
| 650 | 1 | 2 |
_aNursing Assessment _xmethods. |
| 650 | 2 | 2 | _aMedical History Taking. |
| 650 | 2 | 2 | _aPhysical Examination. |
| 700 | 1 | _aGiddens, Jean. | |
| 906 |
_a7 _bcbc _corignew _d1 _eecip _f20 _gy-gencatlg |
||
| 942 |
_2lcc _cBK _eFifth edition _h48 _iWIL _kRT |
||